Indian Polity (Record no. 1970)

MARC details
000 -LEADER
fixed length control field 00399 a2200169 4500
000 - LEADER
fixed length control field nam a22 7a 4500
001 - CONTROL NUMBER
control field 1970
005 - DATE AND TIME OF LATEST TRANSACTION
control field 20260416093111.0
020 ## - INTERNATIONAL STANDARD BOOK NUMBER
International Standard Book Number 9789352603633
100 ## - MAIN ENTRY--PERSONAL NAME
Personal name Laxmikanth, M
110 ## - MAIN ENTRY--CORPORATE NAME
Corporate name or jurisdiction name as entry element Laxmikanth, M
245 ## - TITLE STATEMENT
Title Indian Polity
250 ## - EDITION STATEMENT
Edition statement 8th
260 ## - PUBLICATION, DISTRIBUTION, ETC.
Name of publisher, distributor, etc. McGraw Hill Education Pvt Ltd
Date of publication, distribution, etc. 2025
264 ## - PRODUCTION, PUBLICATION, DISTRIBUTION, MANUFACTURE, AND COPYRIGHT NOTICE
Name of producer, publisher, distributor, manufacturer McGraw Hill Education Pvt Ltd
Date of production, publication, distribution, manufacture, or copyright notice 2025
942 ## - ADDED ENTRY ELEMENTS (KOHA)
Koha item type Books
Holdings
Withdrawn status Lost status Source of classification or shelving scheme Damaged status Not for loan Home library Current library Date acquired Total checkouts Barcode Date last seen Price effective from Koha item type
    Dewey Decimal Classification     Centerville Centerville 16/04/2026   CPL26040030 16/04/2026 16/04/2026 Books